MDQL
is popping MORE tags! Check the
thread
!
Quizzes
Events
Quiz Creation
Community
Videos
Private Events
Remove Ads
Sign In
Join for FREE
Feedback
Dark Mode
Quiz Categories
Sports
Geography
Music
Movies
Television
Just For Fun
Miscellaneous
History
Literature
Language
Science
Gaming
Entertainment
Religion
Holiday
For Kids
Quiz Lab
Recent
Popular Today
Quiz Kudos Today
Editor Picks
Curator Picks
Quizzes by...
Day
Popularity
Type
Ratings
Length
Year
Community
Subscriptions
Recent Discussions
Orange Saloon
Badges
Playlists
Quests
Create
Leaderboards
Showdown
Live 5
Trivia Bingo
Activity
Puzzle Library
Sporcle Events
Private Events
Virtual Trivia
Globe League
Become a Host
Pub Owners
SporcleCon
Opinionation
Our Games
Videos
Blog
Mobile Apps
Partnerships
Remove Ads and Go Orange
Feedback
Television
TV Characters
TV Show
Sitcom
Network
Friends
Reality Shows
Cast
South Park
Star Trek
The Simpsons
Doctor Who
Television
TV Characters
TV Show
Sitcom
Network
Friends
Reality Shows
Cast
South Park
Star Trek
The Simpsons
Doctor Who
Random Quiz
Search Sporcle
×
Quiz Lab
Quiz Lab
Television
Anime
Type in answers that appear in a list
Type in answers that appear in a list
Classic
Best Score? Go Orange.
Female Anime Characters (Images) Stats
Can you name the female anime characters from their pics?
By
GoldLion
8m
50 Questions
3,785 Plays
3,785 Plays
3,785 Plays
Comments
Comments
Give Quiz Kudos
Give Quiz Kudos
-
- Ratings
hide this ad
Replay
Link that replays current quiz
Next Quiz
Link to next quiz in quiz playlist
You Got
0%
They Got
Avg Score
22%
Avg Friend Score
Upgrade to see
Score Distribution
Jump to the score distribution portion of the page
Score
0/50
Timer
08:00
0
Plays Today
Place
Character
% Correct
C8
Misty
81.1%
E1
Rukia Kuchiki
69.9%
E9
Winry Rockbell
61.8%
B5
Kagome Higurashi
60.1%
A6
Chii
58%
C3
Lucy
56.2%
D7
Rei Ayanami
53.1%
A2
Amy Anderson
52.5%
E2
Sakura
44.7%
E10
Yui Hirasawa
42.6%
A8
Faye Valentine
39.3%
E7
Tohru Honda
35.9%
D1
Moka Akashiya
27.3%
A1
Alexis Rhodes
26.6%
B7
Kaoru Kamiya
24.7%
B6
Kaname Chidori
24.4%
A4
Belldandy
24.4%
B10
Kyou Fujibayashi
23.5%
E4
Shampoo
21.4%
C1
Lala Satalin Deviluke
21.1%
A5
Botan
20.8%
C4
Lunch
19.9%
B3
Ichigo Momomiya
19.8%
C2
Lina Inverse
19.4%
D5
Naru Narusegawa
18.5%
Place
Character
% Correct
E6
Tenma Tsukamato
17.8%
D10
Rosette Christopher
12.7%
B8
Kotonoha Katsura
12.5%
D2
Momo Adachi
11.9%
D9
Risa Koizumi
11.3%
A3
Ayumu Kasuga
10%
A10
Fuu Hououji
9.9%
E3
Sasami Masaki Jurai
9.8%
D8
Relena Peacecraft
8.5%
A9
Fujiko Mine
8.3%
E5
Simca
8.2%
B2
Hitomi Kanzaki
7.5%
C5
Maya Natsume
7.1%
D4
Nagisa Aoi
6.9%
C6
Melfina
5.7%
B4
Junko Saotomi
5%
C9
Mizuho Kazami
4.2%
A7
Chizuru Minamato
3.9%
B1
Hikari
3.7%
B9
Kyoko Otonashi
3.2%
E8
Trixie
3%
C7
Mimiko Katsuragi
2.2%
D6
Princess Allura
1.9%
C10
Moemi Hayakawa
0.8%
D3
Mutsuki Ichimonji
0.6%
Quiz Playlist
Details
Report
Send in Message
Add To Playlist
Classic:
Type in answers that appear in a list
Quiz Source
Last Updated: Feb 16, 2017
Quiz Scoreboard
CHALLENGE
Sign Up to Join the Scoreboard
Show All
Scores
Hide
Comments
May contain spoilers
Recently Published
1-10 Letter E Words III
by El_Dandy
Language
2m
Street Fighter Characters
by Artimus82
Gaming
60s
College Basketball Coaching Resumes
by pancakes188
Sports
9m
More to Explore
Quiz From the Vault
Featured Blog Post
Where Did the Easter Bunny Come From?
hide this ad
You Might Also Like...
Tags
Anime Quiz
Character
female
Image Quiz
place
Today's Top Quizzes in Television
Browse Television
hide this ad
Today's Top Quizzes in Anime
Browse Anime
Top Contributed Quizzes in Television
1
Survivor Journey Challenge
2
Adjectives in 80s TV Shows
3
5-to-1: The Simpsons Families
4
Adjectives in 00s TV Shows
5
5-to-1: Television Doctors
6
Adjectives in 10s TV Shows
7
7-to-1: TV Show Settings
8
5-to-1: Streaming Originals
9
Adjectives in 70s TV Shows
10
Survivor Seasons
Explore More
Trending Topics
NBA
Disney
Anime
Crossword
Kpop
Marvel
Harry Potter
WWE
Puzzle
NFL
Pokémon
Song
Country
The Office
Soccer
hide this ad
More By:
GoldLion
Quiz
Plays
Rating
Category
Featured
Created
VH1's 200 Greatest Pop Culture Icons
8,335
3.92
Entertainment
Oct 1, 2009
1990s Rock (Audio)
4,251
4.33
Music
Jun 8, 2010
Female Anime Characters (Images)
3,785
3.50
Television
Jul 16, 2010
2000s Rock (Audio)
3,652
4.33
Music
Jun 17, 2010
1990s Hip Hop (Audio)
3,585
4.39
Music
Jun 1, 2010
Go to Creator's Profile
Score Distribution
Quiz Creator Spotlight
GoldLion
Follow
Send a Message
Quizzes Created
-
Created Quiz Play Count
-
More By This Creator
Popular Quizzes Today
1
Find the US States - No Outlines Minefield
2
Find the Countries of Europe - No Outlines Minefield
3
The Countries of the World
4
Find the US States
5
Risky Map Clicking: Biggest States A-Z
6
US States
7
Popular People in 1961
8
Movies - When Are They Set?
More Television Quizzes
King of the Hill Character
Quiz Lab
Trending Quizzes
Risky Map Clicking: Least Populous States A-Z
Billboard Blitz: Aretha Franklin
Famous Russians: Author or Composer?
Countries of the World: 200 Million BC
1-10 Letter G Words
Recently Updated
Leaping Animals
pecheneg
Reality TV Shows (A-Z)
bhenderson79
Rickey Henderson's Hall of Fame Teammates
pecheneg
Champions League XIs: Arsenal
pecheneg
Quick Pick: Celebrities in WWE's Hall of Fame
aduchscher
A-Z Keypad Blitz II
pecheneg
Multiple Oscar Actors
pecheneg
Mystery Phrase Blitz: Oscar 'Best Actors'
pecheneg
F. Scott Fitzgerald Novels
LTH
Pick 3 Villains
ddd62291
Trending Topics
Kpop
Anime
Harry Potter
Disney
NBA
Marvel
Crossword
The Office
WWE
NFL
Country
Soccer
Song
Pokémon
Puzzle
Your Account Isn't Verified!
In order to create a playlist on Sporcle, you need to verify the email address you used during registration. Go to your
Sporcle Settings
to finish the process.
Report this User
Report this user for behavior that violates our
Community Guidelines
.
Details:
Send Report
Go to the Sporcle.com Mobile Site →
Comments